000 00605nam a2200229Ia 4500
003 OSt
005 20220923230145.0
006 a|||||r|||| 00| 0
007 ta
008 Pun
024 _a277,869
037 _cTextual
040 _aARTS
_cARTS
_bPun
041 _2Pun
_aPun
082 _aO153,3NDIx, J5
100 _aਉਬ੍ਹਰਾ, ਮੋਹਨ ਸਿੰਘ
245 0 _aਪਰਾਂਦੀ
260 _c1955
650 _aਪੰਜਾਬੀ ਸਾਹਿਤ
942 _hO153,3NDIx, J5
_cTEXL
_2CC
999 _c382918
_d382918